|
|
|
|
| LEADER |
00999cam a22003131a 4500 |
| 001 |
000033048 |
| 003 |
9179 |
| 005 |
20151021000000.0 |
| 008 |
151016s2009 vm 000 eng |
| 041 |
|
|
|a eng
|
| 082 |
|
|
|a 495.923
|b VU-K
|
| 100 |
|
|
|a Vũ Ngọc Khánh
|
| 245 |
|
|
|a Từ điển văn hóa VN
|c Vũ Ngọc Khánh
|
| 260 |
|
|
|a VHTT
|c 2009
|
| 300 |
|
|
|a 516tr. : mh ; 20 cm
|
| 650 |
|
|
|a Từ điển, văn hóa, VN, Vũ Ngọc Khánh, 2009
|
| 852 |
|
|
|b Chuyên đề
|c Từ điền 1
|
| OWN |
|
|
|a LNN
|
| AVA |
|
|
|a UDN50
|b LNN
|d 495.923 VU-K
|e available
|t Error 5001 Not defined in file expand_doc_bib_avail.
|f 5
|g 0
|h N
|i 0
|
| 999 |
|
|
|a From the UDN01
|
| AVA |
|
|
|a UDN50
|b LNN
|d 495.923 VU-K
|e available
|t Error 5001 Not defined in file expand_doc_bib_avail.
|f 5
|g 0
|h N
|i 0
|
| TYP |
|
|
|a Monograph
|
| 980 |
|
|
|a Mạng thư viện Đại học Đà Nẵng
|